| 000 | 01320nam a2200229 i 4500 | ||
|---|---|---|---|
| 001 | 158405 | ||
| 003 | ES-MaACL | ||
| 005 | 20250719062543.0 | ||
| 008 | 040830s1884 fr |||| | fre d | ||
| 100 | 1 |
_aMack, Edouard. _9129290 |
|
| 245 | 1 | 0 |
_aDe l'habeas corpus _b: liberté provisoire, détention préventive : observations sur le projet de réforme du code d'instruction criminelle adopté par le Sénat : étude publiée dans Le Droit des 16, 17-18, 19 et 20 décembre 1883 / _cpar Edouard Mack. |
| 260 |
_aParis : _bImp. et librairie générale de jurisprudence, Marchal, Billard et Cie., _c1884. |
||
| 300 |
_a34 p. ; _c22 cm. |
||
| 594 | _aPrecede al tít.: Procédure pénale comparée. | ||
| 650 | 4 |
_aHabeas corpus. _9146371 |
|
| 650 | 4 |
_aDerecho penal- _zFrancia. _9155135 |
|
| 852 |
_aES-MaACL _jD-84(1) _9164290 _cSVI _dOlim: 193-C-10 _gAnotación manuscrita en portada: "Folletos penitenciarios. Tomo 10" _hDonación: Francisco Lastres y Juiz _xEncuadernación holandesa _xEncuadernación con otras obras formando un volumen facticio _bR.FOLL.4/1 _fSello en tinta en portada: "Dontivo del Sr. Lastres al Ateneo de Madrid 1907" |
||
| 903 |
_aLastres y Juiz, Francisco, _d1848-1918 _q1 _ednr _970504 |
||
| 942 |
_2udc _cFOLLETOS |
||
| 999 |
_c158405 _d158405 |
||